Italienischer Bankelsang /

Bibliographic Details
Main Author: Hirdt, Willi
Format: Book
Language:German
Italian
Published: Frankfurt am Main : Klostermann, 1979.
Series:Analecta romanica ; Heft 44.
Subjects:

MARC

Tag First Indicator Second Indicator Subfields
LEADER 00000cam a2200000 i 4500
001 in00000036666
005 20151007062156.0
008 791212s1979 gw af b 00110 ger
010 |a  79390933  
015 |a GFR79-A 
020 |a 3465013522 
035 |a (OCoLC)05636347 
035 |9 AAD4139AM 
040 |a DLC  |c DLC  |d TXA  |d UtOrBLW 
041 0 |a ger  |a ita 
049 |a TXAM  |c [1192232] 
050 0 0 |a PQ4217.A2  |b H5 
100 1 |a Hirdt, Willi. 
245 1 0 |a Italienischer Bankelsang /  |c Willi Hirdt. 
264 1 |a Frankfurt am Main :  |b Klostermann,  |c 1979. 
300 |a 220 pages, 4 unnumbered leaves of plates :  |b illustrations (some color) ;  |c 24 cm. 
336 |a text  |b txt  |2 rdacontent 
337 |a unmediated  |b n  |2 rdamedia 
338 |a volume  |b nc  |2 rdacarrier 
490 1 |a Analecta Romanica ;  |v Heft 44 
500 |a German or Italian. 
500 |a Includes index. 
504 |a Bibliography: pages 213-215. 
650 0 |a Folk songs, Italian  |x Texts. 
830 0 |a Analecta romanica ;  |v Heft 44. 
999 |a MARS 
999 f f |s 9eb0a6b5-674e-3ed2-8208-02138e9558e5  |i e6e41d28-c587-38ca-91f9-bec9e929e6a4  |t 0 
952 f f |p ric  |a Texas A&M University  |b Rellis Campus  |c Joint Library Facility  |d Remote Storage  |t 0  |e PQ4217.A2 H5  |h Library of Congress classification  |i unmediated -- volume  |m A14803791178 
998 f f |a PQ4217.A2 H5  |t 0  |l Remote Storage